| 000 | 00613nac a22001811u 4500 | ||
|---|---|---|---|
| 008 | 100905t1998 -uk|||||r|||| 001 0 eng d | ||
| 020 | _a0003833682 | ||
| 082 |
_a624 _bBAR _222 |
||
| 100 |
_aBarry, R. _917933 |
||
| 245 |
_aThe Construction of Buildings. Volume 2 : _cR. Barry _pWindows, Doors, Fires, Stairs, Finishes / |
||
| 250 | _a3rd ed. | ||
| 260 |
_aLondon : _bBSP Professional, _c1998. |
||
| 300 |
_avii, 174 p. : _bill. ; _c28 cm. |
||
| 500 | _aIncludes index. | ||
| 500 | _aCover subtitle: Windows, doors, fires, stairs, finshes. | ||
| 650 |
_aBuilding _917934 |
||
| 942 |
_cBB _k624BAR _2ddc |
||
| 999 |
_c979 _d979 |
||